00692 2200241 4500001002100000005001700021008004100038035002400079090001500103100002600118245006400144260003300208300002400241500002900265650004200294650004200336700001200378850001300390980001300403985000600416986001300422999001500435YOGYA-0209000001996620090227023355.0 ind  0010-020900000019966 a651bHar M aHARJOSUBROTO, Sudinar aManajemen puskesmascOleh Soedinar Hardjosoebroto, Soeripto aJakartabBalai Pustakac1977 a96 hlmbilusc20 cm aBibliografi : hlm. 95-96 aPusat kesehatan masyarakatxManagemen aManagemenxPusat kesehatan masyarakat aSuripto aYOPDYOGB a02/05/06 a1 aPKL-UGMM aA000021430